[Event "1st FIDE OWCCCC Pools-East 2021"]
[Site "Online"]
[Date "2021.02.20"]
[Round "5.59"]
[White "Gurajapu, Kanchana M"]
[Black "Marincas, Monica"]
[Result "0-1"]
[WhiteElo "922"]
[BlackElo "1151"]
[Annotator "NA RC"]
[PlyCount "62"]
[EventDate "2021.02.19"]
[EventType "team-tourn"]
[EventCountry "NET"]
[SourceTitle "playchess.com"]
[Source "ChessBase"]
[SourceQuality "1"]

1. e4 e5 2. Nf3 Nc6 3. Bc4 Nd4 4. Nxd4 exd4 5. O-O Bc5 6. c3 dxc3 7. Nxc3 c6 8. d3 Bd4 9. Na4 b5 10. Bxf7+ Kxf7 11. Nc3 d6 12. Qe2 Nf6 13. Bg5 h6 14. Bxf6 Bxf6 15. h3 Kg8 16. a3 Be5 17. g3 Bxh3 18. Rfe1 Bd4 19. Qf3 Qg5 20. Ne2 Rf8 21. Nf4 Bg4 22. Ne6 Bxe6 23. Qg2 Bxf2+ 24. Kh1 Bh3 25. Qxh3 Bxe1 26. Rxe1 Qc5 27. Qg2 Qh5+ 28. Qh2 Qg4 29. Qg2 Rf3 30. Qh2 Rxg3 31. Rg1 Qf3+ 0-1

[Event "1st FIDE OWCCCC Pools-East 2021"]
[Site "Online"]
[Date "2021.02.20"]
[Round "5.59"]
[White "Shrimal, Khushbu"]
[Black "USTech_dillichandu"]
[Result "0-1"]
[WhiteElo "142"]
[BlackElo "1359"]
[Annotator "NA"]
[PlyCount "80"]
[EventDate "2021.02.19"]
[EventType "team-tourn"]
[EventCountry "NET"]
[SourceTitle "playchess.com"]
[Source "ChessBase"]
[SourceQuality "1"]

1. e4 e5 2. Nf3 d6 3. c4 c6 4. Ng5 Qxg5 5. Be2 Qxg2 6. Bf3 Qg6 7. h4 Qe6 8. Nc3 Qxc4 9. Ne2 Nf6 10. a4 Qe6 11. Ra3 d5 12. exd5 Nxd5 13. Nc3 Nxc3 14. bxc3 Bxa3 15. Bxa3 e4 16. Bh5 Qd5 17. c4 Qxc4 18. Bc1 Qd5 19. d4 e3 20. fxe3 Qxh1+ 21. Ke2 Qxd1+ 22. Kxd1 O-O 23. Ba3 Re8 24. Bd6 Na6 25. Bf3 Rxe3 26. Bd5 Rd3+ 27. Ke1 Rxd4 28. Be7 Rxd5 29. h5 Re5+ 30. Kd1 Rxe7 31. h6 gxh6 32. Kc1 Bg4 33. Kc2 Rd8 34. Kb3 h5 35. Kc4 h4 36. Kb3 h3 37. a5 h2 38. Ka4 h1=Q 39. Ka3 Rd3+ 40. Ka4 Qa1# 0-1

[Event "1st FIDE OWCCCC Pools-East 2021"]
[Site "Online"]
[Date "2021.02.20"]
[Round "5.60"]
[White "De Araujo, Marco Antonio Sena C"]
[Black "Nair, Sanjeev"]
[Result "0-1"]
[WhiteElo "1798"]
[BlackElo "2143"]
[Annotator "TA"]
[PlyCount "102"]
[EventDate "2021.02.19"]
[EventType "team-tourn"]
[EventCountry "NET"]
[SourceTitle "playchess.com"]
[Source "ChessBase"]
[SourceQuality "1"]

1. e4 e5 2. Nf3 Nc6 3. Bc4 h6 4. d3 a6 5. O-O Bc5 6. c3 d6 7. b4 Ba7 8. Be3 Bxe3 9. fxe3 Qe7 10. Re1 Be6 11. Bxe6 Qxe6 12. d4 exd4 13. exd4 Qd7 14. Nbd2 f6 15. Nc4 Nge7 16. Rb1 b5 17. d5 Ne5 18. Ncxe5 dxe5 19. Qd2 O-O 20. Rbc1 c6 21. dxc6 Qxd2 22. Nxd2 Nxc6 23. c4 Nxb4 24. a3 Nd3 25. cxb5 Nxe1 26. Rxe1 axb5 27. Rb1 Rfd8 28. Nf3 Rxa3 29. Rxb5 Ra2 30. h3 Rd1+ 31. Kh2 Rf1 32. Kg3 Rff2 33. Ne1 Rfe2 34. Rb8+ Kh7 35. Nd3 Ra3 36. Rd8 Re3+ 37. Kh2 Raxd3 38. Rxd3 Rxd3 39. h4 Re3 40. g3 Rxe4 41. Kh3 Re3 42. h5 f5 43. Kh4 Rf3 44. g4 Rf4 45. Kh3 Rxg4 46. Kh2 e4 47. Kh3 e3 48. Kh2 e2 49. Kh3 e1=Q 50. Kh2 Qg1+ 51. Kh3 Qg3# 0-1

[Event "1st FIDE OWCCCC Pools-East 2021"]
[Site "Online"]
[Date "2021.02.20"]
[Round "5.60"]
[White "Shusta, Dmytro"]
[Black "Domokos, Istvan"]
[Result "1-0"]
[WhiteElo "1687"]
[BlackElo "1302"]
[Annotator "NA"]
[PlyCount "33"]
[EventDate "2021.02.19"]
[EventType "team-tourn"]
[EventCountry "NET"]
[SourceTitle "playchess.com"]
[Source "ChessBase"]
[SourceQuality "1"]

1. e4 e5 2. Nf3 Nc6 3. Bc4 Nf6 4. d3 d5 5. exd5 Nxd5 6. Qe2 Nf4 7. Bxf4 Bc5 8. Nxe5 O-O 9. Nxc6 bxc6 10. O-O Re8 11. Qf3 Bb7 12. Nc3 Bd4 13. Bg3 Rb8 14. Bxf7+ Kf8 15. Bxe8+ Kxe8 16. Rfe1+ Kd7 17. Qf7+ 1-0

[Event "1st FIDE OWCCCC Pools-East 2021"]
[Site "Online"]
[Date "2021.02.20"]
[Round "5.60"]
[White "Yash Shah"]
[Black "Juikar, Bhakti"]
[Result "0-1"]
[WhiteElo "1623"]
[BlackElo "1798"]
[Annotator "NA RC"]
[PlyCount "86"]
[EventDate "2021.02.19"]
[EventType "team-tourn"]
[EventCountry "NET"]
[SourceTitle "playchess.com"]
[Source "ChessBase"]
[SourceQuality "1"]

1. e4 c5 2. Bc4 d6 3. a3 Nf6 4. Nc3 Nc6 5. Nf3 Bg4 6. Be2 e6 7. h3 Bxf3 8. Bxf3 Be7 9. d3 O-O 10. Be3 d5 11. exd5 exd5 12. Bf4 a6 13. O-O Bd6 14. Bg5 d4 15. Nd5 Be5 16. Re1 h6 17. Bh4 g5 18. Nxf6+ Qxf6 19. Bg3 Bxg3 20. fxg3 Rae8 21. Rf1 Qd6 22. g4 b6 23. b3 Ne5 24. Be4 b5 25. a4 c4 26. axb5 axb5 27. Ra5 Qb6 28. Ra2 Ng6 29. Bd5 Nf4 30. bxc4 bxc4 31. Bxc4 Ne2+ 32. Kh2 Qd6+ 33. Kh1 Nc3 34. Qf3 Nxa2 35. Bxa2 Re7 36. Qf5 Kg7 37. Bc4 f6 38. Qb5 Rfe8 39. Qb1 Qg3 40. Kg1 Re1 41. Qb7+ R8e7 42. Qf3 Rxf1+ 43. Kxf1 Qe1# 0-1

[Event "1st FIDE OWCCCC Pools-East 2021"]
[Site "Online"]
[Date "2021.02.20"]
[Round "5.60"]
[White "Kulkarni, Agasti"]
[Black "Langr, Petr"]
[Result "1-0"]
[WhiteElo "1449"]
[BlackElo "1538"]
[Annotator "NA"]
[PlyCount "123"]
[EventDate "2021.02.19"]
[EventType "team-tourn"]
[EventCountry "NET"]
[SourceTitle "playchess.com"]
[Source "ChessBase"]
[SourceQuality "1"]

1. e4 c6 2. Nf3 d5 3. exd5 cxd5 4. Bb5+ Nc6 5. Nc3 Bd7 6. Nxd5 e6 7. Nc3 Nf6 8. O-O Bc5 9. Bxc6 Bxc6 10. a3 O-O 11. b4 Bd6 12. h3 Qc7 13. d3 h6 14. Ne2 a6 15. Nfd4 Rac8 16. Nxc6 Qxc6 17. c4 Rfd8 18. c5 Be5 19. d4 Bc7 20. Bb2 Rd5 21. Qc2 Rcd8 22. Rad1 b6 23. Qc1 bxc5 24. dxc5 Rxd1 25. Rxd1 Rxd1+ 26. Qxd1 Nd5 27. Nd4 Qe8 28. Qg4 Nf6 29. Qe2 Qd7 30. Qxa6 Be5 31. Qd3 Qc7 32. Qe3 Qd7 33. f4 Bc7 34. Kf2 Nd5 35. Qg3 Bxf4 36. Qg4 Be5 37. Nxe6 Qxe6 38. Qxe6 fxe6 39. Bxe5 Kf7 40. Kf3 g6 41. Ke4 h5 42. g4 hxg4 43. hxg4 Ke7 44. b5 Kd7 45. Bd6 Nc3+ 46. Ke5 Nxb5 47. Kf6 Nxd6 48. cxd6 Kxd6 49. Kxg6 e5 50. Kf5 Kd5 51. g5 e4 52. g6 e3 53. g7 e2 54. g8=Q+ Kd4 55. Qd8+ Ke3 56. a4 Kf2 57. Qb6+ Kf1 58. Qb5 Kf2 59. Qxe2+ Kxe2 60. a5 Kd3 61. a6 Kc4 62. a7 1-0

[Event "1st FIDE OWCCCC Pools-East 2021"]
[Site "Online"]
[Date "2021.02.20"]
[Round "5.60"]
[White "Patam, Sudhakar"]
[Black "tkl3chk"]
[Result "1-0"]
[WhiteElo "1295"]
[BlackElo "815"]
[Annotator "NA"]
[PlyCount "31"]
[EventDate "2021.02.19"]
[EventType "team-tourn"]
[EventCountry "NET"]
[SourceTitle "playchess.com"]
[Source "ChessBase"]
[SourceQuality "1"]

1. e4 e6 2. d4 Qf6 3. e5 Qg6 4. Qf3 b6 5. Qxa8 c6 6. Qxb8 Ke7 7. Qxc8 b5 8. b3 a5 9. Ba3+ b4 10. Bb2 Nf6 11. c3 Ne4 12. cxb4 Qf5 13. f3 Ng5 14. bxa5 g6 15. Ba3+ d6 16. Bxd6# 1-0

[Event "1st FIDE OWCCCC Pools-East 2021"]
[Site "Online"]
[Date "2021.02.20"]
[Round "5.61"]
[White "Cyfka, Karina"]
[Black "Yekeler, Omer"]
[Result "1-0"]
[WhiteElo "2415"]
[BlackElo "1426"]
[Annotator "TA"]
[PlyCount "29"]
[EventDate "2021.02.19"]
[EventType "team-tourn"]
[EventCountry "NET"]
[SourceTitle "playchess.com"]
[Source "ChessBase"]
[SourceQuality "1"]

1. d4 d5 2. c4 c6 3. Nf3 Nf6 4. e3 Bg4 5. Qb3 Qc7 6. Ne5 Bf5 7. Nc3 Nbd7 8. cxd5 Nxe5 9. dxe5 Nxd5 10. Nxd5 cxd5 11. Bd2 e6 12. Bb5+ Kd8 13. Rc1 Qb6 14. Qa4 a6 15. Ba5 1-0

[Event "1st FIDE OWCCCC Pools-East 2021"]
[Site "Online"]
[Date "2021.02.20"]
[Round "5.61"]
[White "Agomeri, Gianluca"]
[Black "Alrowaiei, Jasim"]
[Result "1-0"]
[WhiteElo "2122"]
[BlackElo "1098"]
[Annotator "NA"]
[PlyCount "61"]
[EventDate "2021.02.19"]
[EventType "team-tourn"]
[EventCountry "NET"]
[SourceTitle "playchess.com"]
[Source "ChessBase"]
[SourceQuality "1"]

1. d4 d5 2. c4 dxc4 3. Nc3 Nf6 4. Nf3 e6 5. e3 Nc6 6. Bxc4 Bb4 7. O-O Bxc3 8. bxc3 O-O 9. a4 Ne4 10. Qc2 Nf6 11. Ba3 Re8 12. e4 Na5 13. Ba2 h6 14. Rad1 c6 15. Ne1 Qb6 16. Bc5 Qc7 17. e5 Nd7 18. Bd6 Qb6 19. f4 Qd8 20. f5 exf5 21. Rxf5 Nb6 22. Bxf7+ Kh8 23. Bxe8 Qxe8 24. Rf8+ Qxf8 25. Bxf8 Nd7 26. Bb4 Nc4 27. Qg6 Nb2 28. Rd2 Nxa4 29. e6 Nf6 30. Bf8 Kg8 31. Qxg7# 1-0

[Event "1st FIDE OWCCCC Pools-East 2021"]
[Site "Online"]
[Date "2021.02.20"]
[Round "5.61"]
[White "Rocka"]
[Black "deep_"]
[Result "1-0"]
[WhiteElo "1715"]
[BlackElo "1697"]
[Annotator "NA"]
[PlyCount "77"]
[EventDate "2021.02.19"]
[EventType "team-tourn"]
[EventCountry "NET"]
[SourceTitle "playchess.com"]
[Source "ChessBase"]
[SourceQuality "1"]

1. e4 c5 2. Nc3 e6 3. f4 Nc6 4. Nf3 g6 5. d3 Bg7 6. Be3 d6 7. Be2 Nge7 8. O-O O-O 9. Qd2 a6 10. Kh1 Nd4 11. Rae1 b5 12. Bxd4 cxd4 13. Nd1 Bb7 14. Nh4 Qc7 15. f5 Rac8 16. f6 Bxf6 17. Rxf6 Kg7 18. Rf2 Qxc2 19. Qxc2 Rxc2 20. Nf3 e5 21. Ref1 b4 22. Ng5 Rxe2 23. Rxe2 Bc8 24. Rc2 f6 25. Nf3 f5 26. Rc7 Kf6 27. Nf2 Ke6 28. Ng5+ Kf6 29. Nxh7+ Kg7 30. Nxf8 Kxf8 31. exf5 Bxf5 32. Ne4 Kg7 33. Rxe7+ Kf8 34. Ra7 Ke8 35. Nxd6+ Kd8 36. Nxf5 gxf5 37. Rxf5 Ke8 38. Rh5 e4 39. Rh8# 1-0

[Event "1st FIDE OWCCCC Pools-East 2021"]
[Site "Online"]
[Date "2021.02.20"]
[Round "5.61"]
[White "Kaya, Melih onur"]
[Black "Hoholis, George"]
[Result "1-0"]
[WhiteElo "1279"]
[BlackElo "1176"]
[Annotator "NA"]
[PlyCount "54"]
[EventDate "2021.02.19"]
[EventType "team-tourn"]
[EventCountry "NET"]
[SourceTitle "playchess.com"]
[Source "ChessBase"]
[SourceQuality "1"]

1. e4 e6 2. d4 d5 3. Nc3 Nf6 4. e5 Nfd7 5. Bb5 c5 6. Nf3 a6 7. Bd3 Nc6 8. dxc5 Bxc5 9. Bf4 O-O 10. O-O Qb6 11. b3 Nd4 12. Nxd4 Bxd4 13. Qd2 Qc7 14. Rae1 Bxc3 15. Qe3 Bxe1 16. Rxe1 Nc5 17. Rc1 Nxd3 18. cxd3 Qe7 19. Bg5 Qd7 20. d4 b5 21. Qg3 Kh8 22. Rc3 Bb7 23. Qh4 g6 24. Bf6+ Kg8 25. Rh3 h5 26. Qxh5 gxh5 27. Rxh5 Rfc8 1-0

[Event "1st FIDE OWCCCC Pools-East 2021"]
[Site "Online"]
[Date "2021.02.20"]
[Round "5.61"]
[White "Jana, Sandipan"]
[Black "Pulakandam, Gurunadh gupta"]
[Result "1-0"]
[WhiteElo "1116"]
[BlackElo "1230"]
[Annotator "NA RC"]
[PlyCount "157"]
[EventDate "2021.02.19"]
[EventType "team-tourn"]
[EventCountry "NET"]
[SourceTitle "playchess.com"]
[Source "ChessBase"]
[SourceQuality "1"]

1. e4 e5 2. Nf3 d6 3. h3 Nf6 4. d3 h6 5. Nc3 Nc6 6. a3 d5 7. exd5 Nxd5 8. Nxd5 Qxd5 9. Be2 Be6 10. O-O O-O-O 11. Nd2 e4 12. Nxe4 Qe5 13. Bf3 Nd4 14. Re1 Bd6 15. Ng3 Qf6 16. Ne4 Qe5 17. Nxd6+ Qxd6 18. Be3 Nxf3+ 19. Qxf3 Rhe8 20. Bxa7 Bd5 21. Qg4+ Be6 22. Qb4 b6 23. c3 Kb7 24. Bxb6 Qxb6 25. Qxb6+ cxb6 26. d4 Rd5 27. b4 Rc8 28. Rec1 Rg5 29. Kh2 Bd5 30. f3 Rg6 31. a4 Rgc6 32. Ra3 Re8 33. a5 Re2 34. Kg1 Bc4 35. axb6 Kxb6 36. Ra8 g6 37. Rb8+ Kc7 38. Ra8 h5 39. Rca1 Kd6 40. R1a7 Rc2 41. Rd8+ Ke6 42. Ra5 Kf6 43. Ra3 Ra6 44. Rxa6+ Bxa6 45. Rd6+ Kg7 46. Rxa6 Rxc3 47. b5 Rd3 48. Rd6 Rb3 49. Rb6 Rb4 50. d5 Kf8 51. d6 Ke8 52. Rb7 Kd8 53. Rxf7 Rxb5 54. Rg7 Rd5 55. Rxg6 Kd7 56. Kh2 Rxd6 57. Rxd6+ Kxd6 58. Kg3 Ke5 59. Kh4 Kf5 60. Kxh5 Kf4 61. g4 Kxf3 62. h4 Kf4 63. g5 Kf5 64. g6 Kf6 65. Kh6 Ke7 66. Kg7 Ke8 67. h5 Ke7 68. h6 Ke8 69. h7 Ke7 70. h8=Q Ke6 71. Kh6 Kf5 72. g7 Kf6 73. g8=Q+ Kf5 74. Qe8 Kf4 75. Qhf8+ Kg4 76. Qg6+ Kh4 77. Qff6+ Kh3 78. Qff5+ Kh2 79. Qfh5# 1-0

[Event "1st FIDE OWCCCC Pools-East 2021"]
[Site "Online"]
[Date "2021.02.20"]
[Round "5.62"]
[White "gsabu"]
[Black "Friedrich, Jan Niklas"]
[Result "1-0"]
[WhiteElo "1757"]
[BlackElo "1272"]
[Annotator "NA"]
[PlyCount "95"]
[EventDate "2021.02.19"]
[EventType "team-tourn"]
[EventCountry "NET"]
[SourceTitle "playchess.com"]
[Source "ChessBase"]
[SourceQuality "1"]

1. e4 c5 2. Nf3 Nc6 3. d4 cxd4 4. Nxd4 Nxd4 5. Qxd4 d6 6. Nc3 e5 7. Qa4+ Bd7 8. Bb5 Bxb5 9. Qxb5+ Qd7 10. Qxd7+ Kxd7 11. O-O Nf6 12. f4 exf4 13. Bxf4 Be7 14. Rad1 Rac8 15. e5 Ne8 16. exd6 Nxd6 17. Rfe1 Rhe8 18. Nb5 Rxc2 19. Bxd6 Bxd6 20. Rxe8 Kxe8 21. Nxd6+ Ke7 22. Nf5+ Kf6 23. Nd6 Rxb2 24. a4 Ra2 25. Nxb7 Rxa4 26. Nc5 Rc4 27. Nb3 a6 28. Rd6+ Ke7 29. Rxa6 g6 30. Nd2 Rc1+ 31. Kf2 Rc2 32. Ke3 Rb2 33. Ra7+ Kf6 34. Ne4+ Kg7 35. Nf2 h5 36. g3 Kf6 37. Ne4+ Ke6 38. h4 f5 39. Ng5+ Ke5 40. Ra5+ Kf6 41. Ra6+ Kg7 42. Ra7+ Kf6 43. Ra6+ Kg7 44. Kf4 Rb4+ 45. Ke5 Rg4 46. Ra7+ Kh8 47. Kf6 Rxh4 48. Ra8# 1-0

[Event "1st FIDE OWCCCC Pools-East 2021"]
[Site "Online"]
[Date "2021.02.20"]
[Round "5.62"]
[White "Bodapati, Chandrakanth"]
[Black "Kumar, Gaurav"]
[Result "1-0"]
[WhiteElo "1442"]
[BlackElo "2036"]
[Annotator "TA"]
[PlyCount "65"]
[EventDate "2021.02.19"]
[EventType "team-tourn"]
[EventCountry "NET"]
[SourceTitle "playchess.com"]
[Source "ChessBase"]
[SourceQuality "1"]

1. d4 Nf6 2. Nf3 g6 3. Bg5 Bg7 4. Bxf6 exf6 5. e3 O-O 6. Nbd2 d5 7. Bd3 Bg4 8. h3 Be6 9. Qe2 c5 10. c3 Nc6 11. O-O b6 12. Bb5 Ne7 13. a4 a6 14. Bd3 Nf5 15. Bxf5 Bxf5 16. b3 Qc7 17. Nh4 Bc8 18. f4 f5 19. Nhf3 a5 20. Ne5 Ba6 21. c4 cxd4 22. exd4 Rae8 23. Qf3 dxc4 24. Ndxc4 b5 25. axb5 Bxb5 26. Rfc1 Qd8 27. Rd1 Qb8 28. Nxa5 Qb6 29. Nac4 Rd8 30. Nxb6 Bxe5 31. dxe5 Rb8 32. Nd7 Bxd7 33. Rxd7 1-0

[Event "1st FIDE OWCCCC Pools-East 2021"]
[Site "Online"]
[Date "2021.02.20"]
[Round "5.62"]
[White "Aktug, Ecegul"]
[Black "Piela, Adam"]
[Result "0-1"]
[WhiteElo "580"]
[BlackElo "673"]
[Annotator "NA RC"]
[PlyCount "68"]
[EventDate "2021.02.19"]
[EventType "team-tourn"]
[EventCountry "NET"]
[SourceTitle "playchess.com"]
[Source "ChessBase"]
[SourceQuality "1"]

1. e4 e5 2. Nf3 Nc6 3. Nc3 Nf6 4. Bc4 h6 5. d3 Bb4 6. a3 Bxc3+ 7. bxc3 O-O 8. d4 b6 9. Rb1 Na5 10. Ba2 d6 11. dxe5 dxe5 12. Nxe5 Ba6 13. Bxf7+ Kh7 14. Qf3 Bc8 15. Bg6+ Kg8 16. Qg3 Nh7 17. Bf7+ Rxf7 18. Bxh6 Qf6 19. Rd1 Be6 20. Rd7 Bxd7 21. Nxd7 Qxh6 22. O-O Rxd7 23. h4 Rad8 24. f4 Nf6 25. f5 Nxe4 26. f6 Nxf6 27. c4 Ne4 28. Qe5 Nf6 29. Qe6+ Kh8 30. Re1 Rd1 31. c5 Qd2 32. cxb6 Rxe1+ 33. Kh2 Qf4+ 34. Kh3 Rh1# 0-1

[Event "1st FIDE OWCCCC Pools-East 2021"]
[Site "Online"]
[Date "2021.02.20"]
[Round "5.62"]
[White "Al Mukharraq, Fareeda"]
[Black "Yarwood, Benjamin"]
[Result "0-1"]
[WhiteElo "350"]
[BlackElo "1431"]
[Annotator "NA"]
[PlyCount "72"]
[EventDate "2021.02.19"]
[EventType "team-tourn"]
[EventCountry "NET"]
[SourceTitle "playchess.com"]
[Source "ChessBase"]
[SourceQuality "1"]

1. e4 c5 2. Bc4 d6 3. Qh5 e6 4. Nf3 Nf6 5. Qg5 Nxe4 6. Qe3 d5 7. Ne5 Nc6 8. Bb5 Bd7 9. b3 Nxe5 10. Qf4 Ng6 11. Qe3 Bxb5 12. f3 Nf6 13. Bb2 d4 14. Qe2 Bxe2 15. c4 d3 16. Nc3 a6 17. Na4 Bd6 18. a3 Be5 19. Rb1 Bxb2 20. Rxb2 O-O 21. Nxc5 Qd4 22. Nxb7 Qxb2 23. Kf2 Qxd2 24. c5 Qc3 25. Ke3 Nd5+ 26. Kf2 Ngf4 27. c6 Qxc6 28. Na5 Qc5+ 29. Ke1 Qxa5+ 30. Kf2 d2 31. Kg3 d1=Q 32. Rxd1 Bxd1 33. b4 Qxa3 34. h4 Qxb4 35. Kf2 Qd2+ 36. Kg3 Qxg2# 0-1

[Event "1st FIDE OWCCCC Pools-East 2021"]
[Site "Online"]
[Date "2021.02.20"]
[Round "5.63"]
[White "Ghosh Vinodkumar S"]
[Black "Vyaghrambare, Ritu"]
[Result "1-0"]
[WhiteElo "1429"]
[BlackElo "934"]
[Annotator "NA RC"]
[PlyCount "71"]
[EventDate "2021.02.19"]
[EventType "team-tourn"]
[EventCountry "NET"]
[SourceTitle "playchess.com"]
[Source "ChessBase"]
[SourceQuality "1"]

1. b3 c6 2. Bb2 d5 3. e3 Nf6 4. h3 e5 5. Bxe5 Nbd7 6. Bb2 Bd6 7. Nf3 Nc5 8. d4 Nce4 9. Nbd2 O-O 10. Nxe4 dxe4 11. Ne5 Nd5 12. Nc4 Re8 13. Nxd6 Qxd6 14. c4 Bf5 15. cxd5 cxd5 16. Qd2 Qh6 17. Be2 Re6 18. g4 Bg6 19. h4 Bh5 20. gxh5 Rf8 21. O-O-O Qf6 22. Bg4 Ra6 23. Kb1 Qb6 24. f3 Rc8 25. Bxc8 Qc7 26. Rc1 Qd6 27. fxe4 dxe4 28. Qg2 Qf8 29. Bxb7 Rb6 30. Bxe4 Rb8 31. h6 Kh8 32. d5 Re8 33. hxg7+ Kg8 34. Bxh7+ Kxh7 35. gxf8=Q Rxf8 36. Qg7# 1-0

[Event "1st FIDE OWCCCC Pools-East 2021"]
[Site "Online"]
[Date "2021.02.20"]
[Round "5.63"]
[White "Roger_"]
[Black "Mashkoor, Mohammed"]
[Result "1-0"]
[WhiteElo "1305"]
[BlackElo "644"]
[Annotator "NA"]
[PlyCount "45"]
[EventDate "2021.02.19"]
[EventType "team-tourn"]
[EventCountry "NET"]
[SourceTitle "playchess.com"]
[Source "ChessBase"]
[SourceQuality "1"]

1. e4 e5 2. Nf3 d6 3. Bc4 a6 4. d3 b5 5. Bb3 Nc6 6. c3 Nf6 7. Ng5 h6 8. Nxf7 Qe7 9. Nxh8 Bg4 10. f3 Bh5 11. g4 Bxg4 12. fxg4 Nd7 13. Ng6 Qf6 14. Nxf8 Qxf8 15. Rf1 Qg8 16. Bxg8 Nf6 17. Bd5 g6 18. Bxc6+ Ke7 19. Bxa8 h5 20. Qf3 Nxg4 21. Qf7+ Kd8 22. Bg5+ Kc8 23. Qe8# 1-0

[Event "1st FIDE OWCCCC Pools-East 2021"]
[Site "Online"]
[Date "2021.02.20"]
[Round "5.63"]
[White "Petzl, Dorothee"]
[Black "eshabhatia"]
[Result "1-0"]
[WhiteElo "771"]
[BlackElo "515"]
[Annotator "NA RC"]
[PlyCount "81"]
[EventDate "2021.02.19"]
[EventType "team-tourn"]
[EventCountry "NET"]
[SourceTitle "playchess.com"]
[Source "ChessBase"]
[SourceQuality "1"]

1. g3 g5 2. Bg2 f6 3. Nf3 g4 4. Nd4 e5 5. Nb3 d5 6. O-O Bf5 7. e3 Nh6 8. Nc3 d4 9. Nb5 c6 10. Na3 dxe3 11. fxe3 Bb4 12. c3 Bd6 13. Nc4 Bd3 14. Rf2 Bxc4 15. Be4 f5 16. Bc2 Na6 17. Na5 Qxa5 18. b4 Qd5 19. Bd3 Qxd3 20. a3 f4 21. gxf4 exf4 22. b5 cxb5 23. Rg2 f3 24. Rg3 Nf5 25. Rxg4 Nxe3 26. Qxf3 Rf8 27. Rd4 Qxd4 28. Qxf8+ Kxf8 29. dxe3 Qxc3 30. Rb1 Qc2 31. Rxb5 Qxc1+ 32. Kf2 Qc2+ 33. Kf3 Bxb5 34. Kg4 Qg2+ 35. Kh5 Be2+ 36. Kh6 Qh3+ 37. Kg5 Be7+ 38. Kf4 Qf1+ 39. Ke5 Nb4 40. Ke4 Bd3+ 41. Kd4 1-0

[Event "1st FIDE OWCCCC Pools-East 2021"]
[Site "Online"]
[Date "2021.02.20"]
[Round "5.63"]
[White "Tabor, Jacek"]
[Black "Kekik, Sinan"]
[Result "0-1"]
[WhiteElo "729"]
[BlackElo "1618"]
[Annotator "NA RC"]
[PlyCount "50"]
[EventDate "2021.02.19"]
[EventType "team-tourn"]
[EventCountry "NET"]
[SourceTitle "playchess.com"]
[Source "ChessBase"]
[SourceQuality "1"]

1. e4 c5 2. d4 cxd4 3. Qxd4 Nc6 4. Qa4 g6 5. Bg5 Bg7 6. Nc3 Nf6 7. O-O-O O-O 8. e5 Nxe5 9. Bb5 d6 10. f4 Neg4 11. Rd2 a6 12. h3 Nh6 13. Nf3 Bf5 14. Ne5 axb5 15. Qxb5 Ne4 16. Nxe4 Bxe4 17. Nd7 Bc6 18. Qb6 Qxd7 19. Re1 Rxa2 20. Kd1 Ra1+ 21. Ke2 Qe6+ 22. Qe3 Rxe1+ 23. Kxe1 Qxe3+ 24. Kd1 Ra8 25. Bxe7 Ra1# 0-1

[Event "1st FIDE OWCCCC Pools-East 2021"]
[Site "Online"]
[Date "2021.02.20"]
[Round "5.64"]
[White "Ali, Abu Khalil"]
[Black "Zajaczkowski, Nathalie"]
[Result "1-0"]
[WhiteElo "1801"]
[BlackElo "639"]
[Annotator "NA"]
[PlyCount "63"]
[EventDate "2021.02.19"]
[EventType "team-tourn"]
[EventCountry "NET"]
[SourceTitle "playchess.com"]
[Source "ChessBase"]
[SourceQuality "1"]

1. c4 e5 2. e4 d6 3. Nf3 Nf6 4. Nc3 Nc6 5. d3 Qe7 6. g3 Be6 7. Bg2 O-O-O 8. O-O Nb4 9. a3 Nc6 10. Bg5 h6 11. Bxf6 Qxf6 12. h3 h5 13. Kh2 g5 14. Ne1 Nd4 15. Nb5 g4 16. h4 Bh6 17. f3 gxf3 18. Nxf3 Nxb5 19. cxb5 c5 20. bxc6 bxc6 21. Nd4 d5 22. Rxf6 Bg4 23. Qc2 Be3 24. Qxc6+ Kb8 25. Qb5+ Kc7 26. Rxf7+ Bd7 27. Ne6+ Kc8 28. Qa6+ Kb8 29. Nxd8 Rxd8 30. exd5 Bc8 31. Qb5+ Bb7 32. Qxb7# 1-0

[Event "1st FIDE OWCCCC Pools-East 2021"]
[Site "Online"]
[Date "2021.02.20"]
[Round "5.64"]
[White "Kaya, Mehmet Kenan"]
[Black "Mokrysz, Adam"]
[Result "1-0"]
[WhiteElo "1635"]
[BlackElo "933"]
[Annotator "NA RC"]
[PlyCount "39"]
[EventDate "2021.02.19"]
[EventType "team-tourn"]
[EventCountry "NET"]
[SourceTitle "playchess.com"]
[Source "ChessBase"]
[SourceQuality "1"]

1. e4 e5 2. Nf3 Nc6 3. Bc4 h6 4. d4 exd4 5. Nxd4 d6 6. O-O Qf6 7. Nxc6 bxc6 8. Re1 Be7 9. Nc3 Qg6 10. Bf4 Bh3 11. Bg3 Bg4 12. Be2 Bxe2 13. Qxe2 Kd7 14. e5 f5 15. Rad1 Re8 16. e6+ Kc8 17. Qa6+ Kb8 18. Qxc6 Nf6 19. Nb5 Bd8 20. Nxd6 1-0

[Event "1st FIDE OWCCCC Pools-East 2021"]
[Site "Online"]
[Date "2021.02.20"]
[Round "5.64"]
[White "ZubinMaster"]
[Black "Iceborg"]
[Result "1-0"]
[WhiteElo "1380"]
[BlackElo "1165"]
[Annotator "NA"]
[PlyCount "113"]
[EventDate "2021.02.19"]
[EventType "team-tourn"]
[EventCountry "NET"]
[SourceTitle "playchess.com"]
[Source "ChessBase"]
[SourceQuality "1"]

1. e4 e5 2. Nf3 d6 3. Bc4 Bg4 4. d3 h6 5. O-O Nf6 6. h3 Bd7 7. c3 Be7 8. Re1 O-O 9. d4 b5 10. Bb3 c6 11. dxe5 dxe5 12. Nxe5 Bc5 13. Nxd7 Nbxd7 14. Be3 Qc7 15. Nd2 Bxe3 16. Rxe3 Ne5 17. Nf3 Rad8 18. Qe2 Nxf3+ 19. Qxf3 a5 20. Rae1 a4 21. Bc2 Rd2 22. R3e2 Rxe2 23. Qxe2 Qe5 24. Qe3 Nh5 25. Rd1 Nf4 26. Kf1 Ng6 27. Qf3 Nh4 28. Qg3 Qxg3 29. fxg3 Ng6 30. Ke2 Ne5 31. b3 g6 32. Ke3 Kg7 33. Kf4 Re8 34. Rd6 axb3 35. axb3 Re6 36. Rxe6 fxe6 37. Kxe5 Kf7 38. g4 c5 39. Kd6 Kf6 40. e5+ Kg5 41. Kxe6 Kf4 42. Kf6 g5 43. e6 Kg3 44. Be4 Kf4 45. Bc6 b4 46. cxb4 cxb4 47. e7 Ke3 48. e8=Q+ Kd2 49. Qe4 Kc3 50. Ke5 Kxb3 51. Bd5+ Ka3 52. Kd4 Ka4 53. Bc6+ Ka5 54. Qd5+ Kb6 55. Qb5+ Kc7 56. Qb7+ Kd6 57. Qd7# 1-0

[Event "1st FIDE OWCCCC Pools-East 2021"]
[Site "Online"]
[Date "2021.02.20"]
[Round "5.64"]
[White "Belozerova, Inna"]
[Black "ockaya"]
[Result "0-1"]
[WhiteElo "551"]
[BlackElo "775"]
[Annotator "NA RC"]
[PlyCount "58"]
[EventDate "2021.02.19"]
[EventType "team-tourn"]
[EventCountry "NET"]
[SourceTitle "playchess.com"]
[Source "ChessBase"]
[SourceQuality "1"]

1. e4 e5 2. Nf3 Nc6 3. Bc4 Nf6 4. Ng5 d5 5. exd5 Nxd5 6. O-O Qxg5 7. d3 Be6 8. Bd2 Qg6 9. Nc3 O-O-O 10. Nxd5 Bxd5 11. Bxd5 Rxd5 12. c4 Rxd3 13. Qe2 Bd6 14. f4 f6 15. fxe5 Nxe5 16. Bf4 Nxc4 17. Rae1 Nd2 18. Rf2 b6 19. h3 Bxf4 20. Rxf4 Rxh3 21. Qa6+ Kb8 22. Re7 Nf3+ 23. Kf2 Qc2+ 24. Ke3 Nd2+ 25. Kd4 Qxb2+ 26. Kd5 Rd8+ 27. Kc6 Rc3+ 28. Rc4 Nxc4 29. Rxc7 Ne5# 0-1